Normal view
MARC view
- أبو لبن،زياد
Entry Personal Name
001 - CONTROL NUMBER
- control field: 11900
003 - CONTROL NUMBER IDENTIFIER
- control field: JO-AjAnu
005 - DATE AND TIME OF LATEST TRANSACTION
- control field: 20230606072217.0
008 - FIXED-LENGTH DATA ELEMENTS
- fixed length control field: 230606|| aca||aabn | a|a d
040 ## - CATALOGING SOURCE
- Original cataloging agency: JO-AjAnu
- Transcribing agency: JO-AjAnu
100 ## - HEADING--PERSONAL NAME
- Personal name: أبو لبن،زياد
670 ## - SOURCE DATA FOUND
- Source citation: Work cat.: (JO-AjAnu)6130: أبو لبن،زياد, author, رؤى نقدية في القصة القصيرة